Vplyv sušenia na kvalitu ovocia a zeleniny

Bibliographic Details
Main Author: Šepitka, Andrej, 1930-1994 (Author)
Format: Article
Language:Slovak
Subjects:

MARC

LEADER 00000nab a2200000 a 4500
001 vtls000023341
003 SK-MaSNL
005 20260303221730.0
008 111103c1979 xo 0 slo
015 |a SNBRB19rr/mm-uuuuu 
035 |a CL0033435 
040 |a SNKBUCL  |b slo  |c SNKBUCL  |e AACR2 
041 0 |a slo 
044 |a xo  |c SK 
080 |a 634.1/.7  |2 1981 
080 |a 635.1/.8  |2 1981 
080 |a 664  |2 1981 
100 1 |a Šepitka, Andrej,  |d 1930-1994  |4 aut  |9 239954 
245 1 0 |a Vplyv sušenia na kvalitu ovocia a zeleniny  |c Andrej Šepitka 
650 0 7 |a ovocie  |2 snkbucl  |9 16716 
650 0 7 |a zelenina  |2 snkbucl  |9 2731 
655 7 |a články z novín a časopisov  |2 snkbucl  |9 267496 
773 0 |t Záhradníctvo  |g Roč. 4, č. 2 (1979), s. 65-67 
850 |a Slovenská národná knižnica v Martine  |a MTA001 
852 |a SNK  |b KIS3GCP 
958 |a RK 
992 |a RBX 
999 |c 2235884  |d 2237814